St. Pauli Kader 2024/25 - Statistiken

Allgemein
  • Dieses Quiz wurde 77 mal gespielt
  • Das Durchschnittsergebnis liegt bei 17 aus 27
Antwortstatistiken
Nationalität Spieler % Korrekt
Australien/Schottland Jackson Irvine
98%
Schweden Eric Smith
93%
Tunesien/Deutschland Elias Saad
85%
Deutschland Hauke Wahl
84%
Bosnien/Kroatien Nikola Vasilj
82%
Griechenland Manolis Saliakas
80%
Deutschland Johannes Eggestein
79%
Luxemburg/Serbien Daniel Sinani
75%
Deutschland Philipp Treu
75%
England/Nigeria Oladapo Afolayan
74%
Österreich David Nemeth
69%
Estland Karol Mets
69%
Australien Connor Metcalfe
66%
USA James Sands
64%
Schottland/Wales Scott Banks
64%
Guinea/Frankreich Morgan Guilavogui
57%
Deutschland Noah Weißhaupt
56%
Polen Adam Dzwigala
54%
Dänemark Andreas Albers
51%
Deutschland/Algerien Carlo Boukhalfa
51%
Gambia Abdoulie Ceesay
48%
Wales/England Finn Stevens
48%
Belgien Siebe Van der Heyden
48%
Deutschland Lars Ritzka
46%
Schweden Erik Ahlstrand
44%
Deutschland Robert Wagner
44%
Brasilien Maurides
43%
Keine übereinstimmenden Quizze gefunden
Verteilung der Resultate
Anzahl Personen mit jedem Resultat
Perzentil nach korrekt beantworteten Fragen
Ihre Resultats-Entwicklung
Sie haben dieses Quiz noch nicht gespielt